01018nam a2200205Ia 4500003000400000005001700004008004100021020002200062041000800084082002200092100004300114245006400157260006000221300000900281942001200290999001900302952015100321952016400472952017600636OSt20240829142033.0230314s9999 xx 000 0 und d a978-93-92242-02-1 aeng aPY/150/MAH/DB0958 aMaheshwari S K & Kaur Varinder9180566 aTextbook of Behavioural Sciences (Psychology and Sociology) bVision Health Sciences PublishersaMohali, Punjabc2021 a215p 2ddccDB c144109d144109 001040708PYaBTINbBTINd2022-04-16g350.00i55l10m3oPY 150 MAH DB0958pBTIN-DB-958r2026-01-29 10:57:11s2026-01-28w2022-04-16yDBzDB0958 00102ddc4070aBTINbBTINd2024-08-08g450.00iIK#2024-25#129l7m4oPY 150 MAH DB1281pBTIN-DB-1281r2026-02-03 15:48:42s2026-02-02w2024-08-08yDBzDB1281 00102ddc4070aBTINbBTINd2025-08-22g495.00iIK#2025-26#666l5m1oPY 150 MAH DB1387pBTIN-DB-1387q2026-06-01r2026-05-08 10:25:58s2026-05-08w2025-08-22yDBzDB1387